Las 17 cualidades esenciales de un jugador de equipo /
Análisis de los rasgos personales necesarios para convertirse en un miembro de un equipo efectivo, en el ámbito del hogar, el trabajo, la comunidad o los deportes: adaptabilidad; colaboración; compromiso; habilidades para la comunicación; competencia; confiabilidad; disciplina; valoración de los dem...
Gespeichert in:
| 1. Verfasser: | |
|---|---|
| Format: | Buch |
| Sprache: | Spanisch |
| Veröffentlicht: |
Nashville, EUA :
Betania,
2002, c2002
|
| Schlagworte: | |
| Tags: |
Keine Tags, Fügen Sie das erste Tag hinzu!
|
MARC
| LEADER | 00000nam^a2200000^a^4500 | ||
|---|---|---|---|
| 001 | 000187561 | ||
| 005 | 20250521000000.0 | ||
| 009 | 20260310102306.831 | ||
| 020 | |a 0-88113-737-5 | ||
| 037 | |a Acervo ITESO - Biblioteca | ||
| 041 | |a ESP | ||
| 082 | |a 658. 3128 |b MAX | ||
| 100 | |a Maxwell, John C. |e (autor) | ||
| 245 | 1 | 4 | |a Las 17 cualidades esenciales de un jugador de equipo / |c J.C. Maxwell ; tr. por Eugenio Orellana. |
| 246 | 2 | |a Título en la cubierta: Las 17 cualidades esenciales de un jugador de equipo: cómo llegar a ser la persona que todos los grupos desean tener | |
| 264 | 4 | |a Nashville, EUA : |b Betania, |c 2002, c2002 | |
| 300 | |a 174 p. | ||
| 336 | |a texto |b txt |2 rdacontenido | ||
| 337 | |a sin mediación |b n |2 rdamedio | ||
| 338 | |a volumen |b nc |2 rdasoporte | ||
| 500 | |a Traducción de: The 17 Essential Qualities of a Team Player | ||
| 520 | |a Análisis de los rasgos personales necesarios para convertirse en un miembro de un equipo efectivo, en el ámbito del hogar, el trabajo, la comunidad o los deportes: adaptabilidad; colaboración; compromiso; habilidades para la comunicación; competencia; confiabilidad; disciplina; valoración de los demás; entusiasmo; intencionalidad; conciencia de su misión; preparación; valoración de las relaciones; mejoramiento personal; desinterés; orientación a la solución; tenacidad. | ||
| 649 | |a XX | ||
| 650 | |a Habilidades Sociales | ||
| 650 | |a Comunicación Personal | ||
| 650 | |a Conducta Grupal | ||
| 650 | |a Grupos Sociales | ||
| 650 | |a Trabajo en Equipo | ||
| 650 | |a Recursos Humanos | ||
| 650 | |a Proceso Administrativo | ||
| 650 | |a Psicología Social | ||
| 650 | |a Psicología Laboral | ||
| 650 | |a Ciencias Administrativas | ||
| 910 | |a Fondo General | ||
| 920 | |a Impresos - Libros | ||
| 930 | |a Colección General | ||
| 905 | |a 101 | ||
| 901 | |a 0500129780 |b IT1 |c ACC |u 20250521 | ||
| 902 | |a https://opac.biblio.iteso.mx/vufind/Record/000187561 | ||